LEADER 01331nam a2200325 a 4500 001 000000131829 003 CaOOAMICUS 005 20121204094432.0 008 121204s1991 it u000 u ita r 020 $a88-459-0822-4 040 $aPUL$bita 041 1 $aita$hfre 100 1 $aDerrida, Jacques,$d1930-2004.$0(OLS)http://pul/name/26755 240 10$aEperons.$lItaliano.$0(OLS)http://pul/title/166549 245 10$aSproni :$bgli stili di Nietzsche /$cJacques Derrida ; a cura e con un saggio di Stefano Agosti. 260 $aMilano :$bAdelphi,$c©1991. 300 $a131 p. ;$c18 cm 490 1 $aPiccola biblioteca Adelphi ;$v265 504 $aBibliografia in nota. 600 14$aNietzsche, Friedrich Wilhelm,$d1844-1900.$0(OLS)http://pul/subject/4913 700 1 $aAgosti, Stefano.$0(OLS)http://pul/name/84888 830 0$aPiccola biblioteca Adelphi ;$v265.$0(OLS)http://pul/title/37100 850 $aPUL 852 $aPUL$W1$xDP1 Fondo E. Rossi$y115$m1 D 42$j6732$qFondi$B151075$CPULBib$Z2$F151075 $82 941 1 $a1 961 $aSul dorso collocazione ms. di E. Rossi: D 41 1 996 $6020$a88-459-0822-4$9(OLS)http://pul/number/151231 996 $6245$aSproni :$bgli stili di Nietzsche$9(OLS)http://pul/title/166550 996 $6260$aMilano :$bAdelphi$9(OLS)http://pul/publisher/51018 LEADER 01084naa a2200217 u 4500 001 000000103422 003 CaOOAMICUS 005 20070226130215.0 008 061116s1947 be u000 u ger u 035 $a11106974 040 $aIAR$bita 100 1 $aPelster, Franz,$cS.I.,$d1880-1956.$0(OLS)http://pul/name/14649 245 10$aThomas von Sutton und das Correctorium "Quare detraxisti" /$cFranz Pelster S.J. 260 $aLouvain :$bBibliothèque de l'Université,$c1947. 300 $ap. 441-466 ;$c26 cm 500 $aIAR: CCI.324 600 04$aThomas de Sutton,$cO.P.,$dc. 1260-1315.$0(OLS)http://pul/subject/33037 773 0 $aMélanges Auguste Pelzer. 773 0 $tMélanges Auguste Pelzer : Etudes d'histoire littéraire et doctrinale de la Scolastique médiévale offertes à Monseigneur Auguste Pelzer à l'occasion de son soixante-dixième anniversaire$g3e série, fasc. 26$w()19106 996 $6245$aThomas von Sutton und das Correctorium "Quare detraxisti"$9(OLS)http://pul/title/130327 996 $6260$aLouvain :$bBibliothèque de l'Université$9(OLS)http://pul/publisher/49702